Viajes y descripción del Itsmo del Darién / (Registro nro. 236638)

Detalles MARC
000 -LEADER
fixed length control field 02128nam a2200493Ii 4500
001 - CONTROL NUMBER
control field DIGUNAU0243
003 - CONTROL NUMBER IDENTIFIER
control field NyNyDIG
008 - FIXED-LENGTH DATA ELEMENTS--GENERAL INFORMATION
fixed length control field 170615s2012 ck a ob 000 0 spa d
006 - FIXED-LENGTH DATA ELEMENTS--ADDITIONAL MATERIAL CHARACTERISTICS
fixed length control field m o d
007 - PHYSICAL DESCRIPTION FIXED FIELD--GENERAL INFORMATION
fixed length control field cr |||||||||||
035 ## - SYSTEM CONTROL NUMBER
System control number (OCoLC)990164752
040 ## - CATALOGING SOURCE
Original cataloging agency DGITA
Language of cataloging eng
Description conventions rda
-- pn
Transcribing agency DGITA
020 ## - INTERNATIONAL STANDARD BOOK NUMBER
Canceled/invalid ISBN 9789588366388
020 ## - INTERNATIONAL STANDARD BOOK NUMBER
Canceled/invalid ISBN 9588366380
041 1# - LANGUAGE CODE
Language code of text/sound track or separate title spa
Language code of original eng
043 ## - GEOGRAPHIC AREA CODE
Geographic area code ncpn---
050 14 - LIBRARY OF CONGRESS CALL NUMBER
Classification number F1564 ebook
082 04 - DEWEY DECIMAL CLASSIFICATION NUMBER
Classification number 972.87
100 1# - MAIN ENTRY--PERSONAL NAME
Personal name Wafer, Lionel,
Dates associated with a name 1660?-1705?,
Relator term author.
240 10 - UNIFORM TITLE
Uniform title New voyage and description of the Isthmus of America.
Language of a work Spanish
Version (Ediciones UNAULA)
245 10 - TITLE STATEMENT
Title Viajes y descripción del Itsmo del Darién /
Statement of responsibility, etc. Lionel Wafer.
246 14 - VARYING FORM OF TITLE
Title proper/short title Viaje y descripción del Itsmo del Darién
264 #1 - PRODUCTION, PUBLICATION, DISTRIBUTION, MANUFACTURE, AND COPYRIGHT NOTICE
Place of production, publication, distribution, manufacture Medellín, Colombia :
Name of producer, publisher, distributor, manufacturer Fondo Editorial Unaula,
Date of production, publication, distribution, manufacture, or copyright notice [2012]
300 ## - PHYSICAL DESCRIPTION
Extent 1 online resource :
Other physical details illustrations.
336 ## - CONTENT TYPE
Content type term text
Source rdacontent
337 ## - MEDIA TYPE
Media type term computer
Media type code c
Source rdamedia
338 ## - CARRIER TYPE
Carrier type term online resource
Carrier type code cr
Source rdacarrier
490 1# - SERIES STATEMENT
Series statement Colección Bicentenario de Antioquia 200 ;
Volume/sequential designation 36
504 ## - BIBLIOGRAPHY, ETC. NOTE
Bibliography, etc. note Includes bibliographical references.
588 0# - SOURCE OF DESCRIPTION NOTE
Source of description note Online resource; title from PDF title page (Digitalia, viewed June16, 2017)
651 #0 - SUBJECT ADDED ENTRY--GEOGRAPHIC NAME
Geographic name Panama, Isthmus of (Panama)
General subdivision Description and travel
Form subdivision Early works to 1800.
650 #0 - SUBJECT ADDED ENTRY--TOPICAL TERM
Topical term or geographic name entry element Indians of Central America
Geographic subdivision Panama
Form subdivision Early works to 1800.
651 #0 - SUBJECT ADDED ENTRY--GEOGRAPHIC NAME
Geographic name Darien (Panama and Colombia)
General subdivision History.
650 #0 - SUBJECT ADDED ENTRY--TOPICAL TERM
Topical term or geographic name entry element Natural history
Geographic subdivision Panama.
655 #0 - INDEX TERM--GENRE/FORM
Genre/form data or focus term Electronic books.
700 1# - ADDED ENTRY--PERSONAL NAME
Relationship information Translation of:
Personal name Wafer, Lionel,
Dates associated with a name 1660?-1705?
Title of a work New voyage and description of the Isthmus of America.
791 2# -
-- Digitalia (Firm),
-- distributor.
793 0# -
-- Digitalia eBook Collection:
-- Ediciones UNAULA.
776 08 - ADDITIONAL PHYSICAL FORM ENTRY
Relationship information Print version:
Main entry heading Wafer, Lionel, 1660?-1705?
Uniform title New voyage and description of the Isthmus of America. Spanish.
Title Viajes y descripción del Itsmo del Darién.
Edition [4a ed.]
International Standard Book Number 9789588366388
Record control number (DLC) 2014422201
-- (OCoLC)905801605
830 #0 - SERIES ADDED ENTRY--UNIFORM TITLE
Uniform title Bicentenario de Antioquia ;
Volume/sequential designation 36.
856 40 - ELECTRONIC LOCATION AND ACCESS
Materials specified Digitalia Hispánica
Uniform Resource Identifier <a href="https://www.digitaliapublishing.com/a/19825/">https://www.digitaliapublishing.com/a/19825/</a>
910 ## - USER-OPTION DATA (OCLC)
User-option data Premium collection: 2017
942 ## - ADDED ENTRY ELEMENTS (KOHA)
Koha item type Recurso Electrónico
Existencias
Withdrawn status Lost status Damaged status Not for loan Collection Home library Current library Date acquired Total checkouts Date last seen Price effective from Koha item type
        Digitalia Ebooks Hispanica Biblioteca Digital UIN Biblioteca Digital UIN 04/25/2025   04/25/2025 04/25/2025 Recurso Electrónico

CONTACTO


NOSOTROS


SITIOS DE INTERES

coordinacion.biblioteca.biblioteca@unienlinea.mx Misión, Visión y Objetivos Bases de datos
Directorio Bibliotecas Digitales y Repositorios
Normatividad Revistas y artículos
Convenios interbibliotecarios
Boletines



Hecho en México. Universidad Insurgentes (UIN). Todos los derechos reservados 2024. Esta página y sus contenidos pueden ser reproducidos con fines no lucrativos, siempre y cuando no se mutile, se cite la fuente completa y su dirección electrónicas. De otra forma requiere permiso previo por escrito de la institución




2024 Copyright Universidad Insurgentes | www.bibliouin.com.mx